The wisdom of the prophets = (Record no. 542309)
[ view plain ]
| 000 -LEADER | |
|---|---|
| fixed length control field | 00671cam a2200169 i 4500 |
| 020 ## - INTERNATIONAL STANDARD BOOK NUMBER | |
| International Standard Book Number | 0904975002 |
| 082 00 - DEWEY DECIMAL CLASSIFICATION NUMBER | |
| Classification number | 297.63 |
| Author Mark | ARA |
| -- | L-31,p78 |
| 100 0# - MAIN ENTRY--PERSONAL NAME | |
| Personal name | Ibn al-ʻArabī, |
| 9 (RLIN) | 37443 |
| 245 14 - TITLE STATEMENT | |
| Title | The wisdom of the prophets = |
| Remainder of title | Fusus al-hikam / |
| Statement of responsibility, etc. | Muhyi-d-din, Ibn ʾArabi ; translated from Arabic to French with notes by Titus Burckhardt ; translated from French to English by Angela Culme-Seymour. |
| 260 ## - PUBLICATION, DISTRIBUTION, ETC. | |
| Place of publication, distribution, etc. | Aldsworth [Eng.] : |
| Name of publisher, distributor, etc. | Beshara, |
| Date of publication, distribution, etc. | c1975. |
| 300 ## - PHYSICAL DESCRIPTION | |
| Extent | xi, 146 p. ; |
| Dimensions | 24 cm. |
| 500 ## - GENERAL NOTE | |
| General note | Translation of Fuṣūṣ al-ḥikam. |
| 526 ## - STUDY PROGRAM INFORMATION NOTE | |
| Program name | 0 |
| Interest level | 0 |
| Reading level | 0 |
| Title point value | 297_630000000000000_ARA |
| 650 #0 - SUBJECT ADDED ENTRY--TOPICAL TERM | |
| Topical term or geographic name entry element | MCE |
| 9 (RLIN) | 379 |
| 650 #0 - SUBJECT ADDED ENTRY--TOPICAL TERM | |
| Topical term or geographic name entry element | Sufism |
| General subdivision | Early works to 1800. |
| 9 (RLIN) | 4647 |
| 942 ## - ADDED ENTRY ELEMENTS (KOHA) | |
| Source of classification or shelving scheme | |
| Koha item type | Book |
| Withdrawn status | Lost status | Source of classification or shelving scheme | Damaged status | Not for loan | Permanent Location | Current Location | Date acquired | Total Checkouts | Full call number | Barcode | Date last seen | Price effective from | Koha item type |
|---|---|---|---|---|---|---|---|---|---|---|---|---|---|
| Military College of Engineering (MCE) | Military College of Engineering (MCE) | 10/01/2013 | 297.63 ARA | MCE-26397 | 10/01/2013 | 10/01/2013 | Book |
